=LDR 00000nam 2200000 4500 =001 NUTBA000000000002876 =005 20140707115429.0 =006 =007 =008 =020 ##$$a 978-979-29-2508-1 =035 ##$$a 0010-071400000000064 =040 ##$$a Ind =082 ##$$a 813 =090 ##$$a 813$bHar g =100 ##$$a Hari purwanto =245 ##$$a Gua di balik bukit$cHari purwanto =250 ##$$a Ed.1 =260 ##$$a Yogyakarta$bAndi$c2011. =300 ##$$a Iv,160 HLm$bIlus$c18 cm. =440 ##$$a Seri petualangan icha =850 ##$$a NBPNMAT =990 ##$$a 21304337 =990 ##$$a 21400613/BPAP-NTB/20142014 =990 ##$$a 0001/BPAP-NTB/20142014